000 00492nam a2200169Ia 4500
003 GCL
008 140319s9999 xx 000 0 ara d
040 _aGCL /
_cGCL
082 0 4 _a953
_bا ف
100 1 _aانور عبدالملك
245 1 0 _aالفكر العربى فى معركة النهضة /
_cانور عبدالملك
300 _a240
490 _aكتاب
_v0
650 0 4 _aالفلسفة الاسلامية
650 0 4 _aالحضارة الاسلامية
942 _2ddc
_cBK
999 _c42544
_d42544